TV Chain on a TV Quiz Stats

Quiz Updated Jul 11, 2016

Challenge
Share
Tweet
Score 0/14 Timer 02:00
17 Plays Today
% Correct
That '70s Show
88.4%
Saturday Night Live
81.1%
Parks & Rec
80.6%
Orange is the New Black
75.7%
Family Guy
75.6%
Lost
73.2%
Party of Five
68.8%
% Correct
Ghost Whisperer
67.9%
The West Wing
67.8%
Star Trek:
Voyager
63.5%
The Tick
60.9%
Archer
58.1%
Pushing Daisies
56.2%
Boston Public
51.7%

You're not logged in!

Compare scores with friends on all Sporcle quizzes.
Join for Free
OR
Log In

You Might Also Like...

Show Comments

Extras

Top Quizzes Today


Score Distribution

Your Account Isn't Verified!

In order to create a playlist on Sporcle, you need to verify the email address you used during registration. Go to your Sporcle Settings to finish the process.

Report this User

Report this user for behavior that violates our Community Guidelines.

Details: